Tilastot visalle Maailman suurimmat paperintuottajat

Klikkaa tästä pelataksesi tätä visaa!

Yleistilastot

  • Tätä visaa on pelattu 73 kertaa
  • Keskiarvotulos 8 / 10

Vastaustilastot

%Valtio% Oikein
2,8Suomi
98%
24,9Kiina
97%
2,8Ruotsi
95%
18,8Yhdysvallat
93%
5,7Saksa
89%
2,5Brasilia
84%
3,0Kanada
82%
6,7Japani
64%
2,5Indonesia
48%
2,9Etelä-Korea
31%

Tulosjakauma

Persentiili vastausten määrän mukaan

Jokaisen tuloksen saaneiden osuus

Tuloshistoriasi

Et ole pelannut tätä visaa